| 000 | 00000nam##2200000za#4500 |
| 001 | 9.641733 |
| 003 | CaOODSP |
| 005 | 20210624223349 |
| 007 | cr ||||||||||| |
| 008 | 150407|2010||||xxc|||||o f|0| 0 fre|d |
| 040 | |aCaOODSP|bfre |
| 043 | |an-cn--- |
| 086 | 1 |aE77-2/7-2010F-PDF |
| 110 | 1 |aCanada.|bAffaires étrangères et Commerce international. |bBureau des passeports. |
| 245 | 10|aPassport Canada à l'écoute des Canadiens : |h[ressource électronique]|brapport sur les résultats des consultations publiques |
| 260 | |aOttawa - Ontario : |bAffaires étrangères et Commerce international. |c2010. |
| 300 | |a49p.|bglossaire, graphiques, photographies |
| 590 | |a13-11-Supp|b2013-04-26 |
| 691 | 07|aPlan d'affaires|2gcpds |
| 775 | 08|tWhat Passport Canada heard from Canadians : |w(CaOODSP)9.697705 |
| 856 | 40|ahttp://publications.gc.ca|qPDF|s626 Ko|uhttps://publications.gc.ca/collections/collection_2013/aecic-faitc/E77-2-7-2010-fra.pdf |